=LDR 00000nam 2200000 4500 =001 INLIS000000000005122 =005 20130612093358 =008 ***********************************Ind** =035 ##$$0010-061300000005122 =041 ##$$a Ind =082 ##$$a 633.83 =090 ##$$a 633.83, San j =100 ##$$a SANTOSO, Hieronymus Budi =245 ##$$a Jahe gajah, Hieronymus Budi Santoso =260 ##$$a 2000 $b Yogyakarta =300 ##$$a 87 hlm, ilus, 21 cm =650 ##$$a Tanaman Umbi =850 ##$$a NBPNMAT